Southville International School and Colleges
Your cart is empty.
  • Cart
  • Lists
    Public lists Eva Luna New books Lux_list list_1
    Your lists Log in to create your own lists
  • Log in to your account
  • Your cookies
  • Search history
Southville International School and Colleges
  • Advanced search
  • Recent comments
  • Most popular
  • Libraries

Log in to your account

Log in with GOOGLE


If you do not have an external account, but do have a local account, you can still log in:

  1. Home
  2. MARC view: This is environmental ethics: an introduction
Normal view MARC view ISBD view

This is environmental ethics: an introduction (Record no. 365462)

[ view plain ]
MARC details
000 -LEADER
fixed length control field 00601nam a22001937a 4500
003 - CONTROL NUMBER IDENTIFIER
control field 0
005 - DATE AND TIME OF LATEST TRANSACTION
control field 20231002123609.0
008 - FIXED-LENGTH DATA ELEMENTS--GENERAL INFORMATION
fixed length control field 231002b xxu||||| |||| 00| 0 eng d
020 ## - INTERNATIONAL STANDARD BOOK NUMBER
International Standard Book Number 978-1-119-12270-8
050 ## - LIBRARY OF CONGRESS CALL NUMBER
Classification number GE 42
Item number .L44 2022
100 ## - MAIN ENTRY--PERSONAL NAME
Personal name Lee, Wendy Lynne
245 ## - TITLE STATEMENT
Title This is environmental ethics: an introduction
Statement of responsibility, etc Wendy Lynne Lee
260 ## - PUBLICATION, DISTRIBUTION, ETC. (IMPRINT)
Place of publication, distribution, etc New Jersey
Name of publisher, distributor, etc John Wiley & Sons, Inc.
Date of publication, distribution, etc c2022.
300 ## - PHYSICAL DESCRIPTION
Extent xi, 323 pages ;
Dimensions 24 cm.
500 ## - GENERAL NOTE
General note Environmental ethics.
504 ## - BIBLIOGRAPHY, ETC. NOTE
Bibliography, etc Includes bibliographical references and index.
650 ## - SUBJECT ADDED ENTRY--TOPICAL TERM
Topical term or geographic name as entry element Environmental ethics.
942 ## - ADDED ENTRY ELEMENTS (KOHA)
Source of classification or shelving scheme Library of Congress Classification
Koha item type Books
Holdings
Withdrawn status Lost status Source of classification or shelving scheme Damaged status Home library Current library Shelving location Date acquired Source of acquisition Sub Shelving location Total Checkouts Full call number Barcode Date last seen Price effective from Koha item type
    Library of Congress Classification   College Library College Library Reserve Section 10/02/2023 Library Fund     GE 42 .L44 2022 C23063 10/02/2023 10/02/2023 Books

This is environmental ethics: an introduction

APA

Lee W. L., . (2022). This is environmental ethics: an introduction. New Jersey: John Wiley & Sons, Inc.

Chicago

Lee Wendy Lynne, . 2022. This is environmental ethics: an introduction. New Jersey: John Wiley & Sons, Inc.

Harvard

Lee W. L., . (2022). This is environmental ethics: an introduction. New Jersey: John Wiley & Sons, Inc.

MLA

Lee Wendy Lynne, . This is environmental ethics: an introduction. New Jersey: John Wiley & Sons, Inc. 2022.

  • Place hold
  • Print
  • Cite
  • Add to your cart (remove)
  • Save record
    BIBTEX Dublin Core MARCXML MARC (non-Unicode/MARC-8) MARC (Unicode/UTF-8) MARC (Unicode/UTF-8, Standard) MODS (XML) RIS
  • More searches
    Search for this title in:
    Other Libraries (WorldCat) Other Databases (Google Scholar) Online Stores (Bookfinder.com) Open Library (openlibrary.org)

Exporting to Dublin Core...

SOUTHVILLE LIBRARY

Southville International School and Colleges Library

1281 Tropical Ave. Cor. Luxembourg St., BF Homes International, Las Pinas City

Tel. No. 8256374 / 252358 Loc. 117/146

Powered by Koha